| 000 | 00911nam a22002897a 4500 | ||
|---|---|---|---|
| 001 | BR9100084 | ||
| 003 | BR-BrBNA | ||
| 005 | 20230928093449.0 | ||
| 007 | ta | ||
| 008 | 230509b bl.||||| |||| 00| 0 por d | ||
| 040 |
_aBR-BrBNA _bpor _cBiblioteca Nacional de Agricultura |
||
| 041 | _a(Por) | ||
| 072 |
_aF01 _b0336 _b/G514 |
||
| 090 | _ 0336 BR9100084 | ||
| 110 | 1 |
_aCentro Nacional de Pesquisa de Soja, Londrina, PR (Brasil) _91793 |
|
| 111 | 1 |
_a12. Reuniao de Pesquisa de Soja da Regiao Central do Brasil _cCuiaba, MT (Brazil) _d14-17 Aug 1989 |
|
| 245 | 1 | _aAta da 12. reuniao de pesquisa de soja da regiao central do Brasil | |
| 260 | 3 |
_aLondrina, PR (Brasil): _c1990. |
|
| 300 | _a114 p. | ||
| 650 | _aSOJA | ||
| 650 | _aCULTIVO DO SOLO | ||
| 650 | _aNUTRICAO VEGETAL | ||
| 650 | _aSEMENTE | ||
| 650 | _aMELHORAMENTO GENETICO VEGETAL | ||
| 909 |
_a202309 _bLucia _c55 _dLucia Elande |
||
| 942 | _cBK | ||
| 999 |
_c45155 _d45155 |
||